| 000 | 01053nam a22002177a 4500 | ||
|---|---|---|---|
| 999 |
_c63848 _d63848 |
||
| 003 | Ge_BSU | ||
| 005 | 20260203202112.0 | ||
| 008 | 260203s2025 ge ||||| |||| 00| 0 geo d | ||
| 020 | _a9789941519048 | ||
| 041 | _ageo | ||
| 080 | _a32(479.22)(09)(075.8) ფ-26 | ||
| 100 |
_aფარტენაძე, ომარ _92270 |
||
| 245 |
_aსაქართველოს პოლიტიკური და სამართლებრივი სისტემების ისტორიის საკითხები / _cომარ ფარტენაძე, ოთარ გოგოლიშვილი; რედ.თ. სირაძე. |
||
| 264 |
_aბათუმი : _bბსუ, _c2025. |
||
| 300 |
_a110 გვ. _b20 სმ. |
||
| 653 | _aპოლიტიკა | ||
| 653 | _aსამართალი | ||
| 700 |
_aგოგოლიშვილი, ოთარ _eავტორი _926804 |
||
| 700 |
_aსირაძე, თამარ _eრედაქტორი _926805 |
||
| 942 |
_2udc _cᲬᲘᲒᲜᲘ |
||